[Event "RA-2014-0-00372"]
[Site "LSS email"]
[Date "2015.01.11"]
[Round "?"]
[White "Cimicki, Dariusz"]
[Black "Florea, Valentin Mihail"]
[Result "1/2-1/2"]
[WhiteElo "2118"]
[BlackElo "1989"]
[PlyCount "41"]
[EventDate "2014.12.29"]
[EventType "tourn (corr)"]
[EventRounds "6"]
[EventCountry "GER"]
[SourceTitle "Corr 2015"]
[Source "ChessBase"]
[SourceDate "2015.07.17"]
[SourceVersion "1"]
[SourceVersionDate "2015.07.17"]
[SourceQuality "1"]

1. e4 c5 2. Nf3 Nc6 3. c3 Nf6 4. e5 Nd5 5. Bc4 Nb6 6. Bb3 c4 7. Bc2 d6 8. exd6 Qxd6 9. 0-0 Qd5 10. Re1 Bf5 11. b3 Bxc2 12. Qxc2 Rd8 13. Na3 e6 14. Re4 cxb3 15. axb3 Qf5 16. Nc4 Be7 17. d4 Nd5 18. Bb2 Nf6 19. Re2 Qxc2 20. Rxc2 a6 21. Nce5 1/2-1/2

[Event "RA-2014-0-00372"]
[Site "LSS email"]
[Date "2015.01.11"]
[Round "?"]
[White "Florea, Valentin Mihail"]
[Black "Susla, Vitaliy"]
[Result "0-1"]
[WhiteElo "1989"]
[BlackElo "2161"]
[PlyCount "64"]
[EventDate "2014.12.29"]
[EventType "tourn (corr)"]
[EventRounds "6"]
[EventCountry "GER"]
[SourceTitle "Corr 2015"]
[Source "ChessBase"]
[SourceDate "2015.07.17"]
[SourceVersion "1"]
[SourceVersionDate "2015.07.17"]
[SourceQuality "1"]

1. e4 c5 2. Nf3 d6 3. d4 cxd4 4. Nxd4 Nf6 5. Nc3 a6 6. Bg5 Nbd7 7. Bc4 Qb6 8. Bb3 e6 9. Bxf6 Nxf6 10. Qd2 Nd7 11. 0-0-0 Nc5 12. Rhe1 Bd7 13. Kb1 0-0-0 14. Qe3 Kb8 15. Re2 Rc8 16. Red2 h6 17. Nde2 g5 18. Qf3 Be8 19. Qg3 Qc7 20. a3 Be7 21. Ba2 h5 22. Qe3 Nd7 23. Qd4 Ne5 24. f3 Qc5 25. Qg1 Qxg1 26. Rxg1 b5 27. Rf1 Bc6 28. Nd1 Kc7 29. Ne3 Kb6 30. Nd4 Bb7 31. Rfd1 Rc7 32. Ne2 Rhc8 0-1

[Event "RA-2014-0-00372"]
[Site "LSS email"]
[Date "2015.01.11"]
[Round "?"]
[White "Florea, Valentin Mihail"]
[Black "Willmann, Bernd"]
[Result "0-1"]
[WhiteElo "1989"]
[BlackElo "2114"]
[PlyCount "50"]
[EventDate "2014.12.29"]
[EventType "tourn (corr)"]
[EventRounds "6"]
[EventCountry "GER"]
[SourceTitle "Corr 2015"]
[Source "ChessBase"]
[SourceDate "2015.07.17"]
[SourceVersion "1"]
[SourceVersionDate "2015.07.17"]
[SourceQuality "1"]

1. e4 e5 2. Nf3 Nc6 3. Bb5 Nf6 4. 0-0 Nxe4 5. d4 Nd6 6. Bxc6 dxc6 7. dxe5 Nf5 8. Qxd8+ Kxd8 9. Nc3 Bd7 10. Rd1 Kc8 11. Ng5 Be8 12. Nf3 Bd7 13. Ng5 Be8 14. b3 Be7 15. Nf3 b6 16. Bb2 Kb7 17. Rd3 Rd8 18. Rxd8 Bxd8 19. Rd1 Be7 20. Kf1 h5 21. h3 Rg8 22. Ne2 g5 23. g4 Ng7 24. Bc1 hxg4 25. hxg4 c5 0-1

[Event "RA-2014-0-00372"]
[Site "LSS email"]
[Date "2015.01.11"]
[Round "?"]
[White "Kuzmin, Konstantin"]
[Black "Florea, Valentin Mihail"]
[Result "1-0"]
[WhiteElo "2167"]
[BlackElo "1989"]
[PlyCount "65"]
[EventDate "2014.12.29"]
[EventType "tourn (corr)"]
[EventRounds "6"]
[EventCountry "GER"]
[SourceTitle "Corr 2015"]
[Source "ChessBase"]
[SourceDate "2015.07.17"]
[SourceVersion "1"]
[SourceVersionDate "2015.07.17"]
[SourceQuality "1"]

1. e4 c5 2. Nf3 Nc6 3. d4 cxd4 4. Nxd4 Nf6 5. Nc3 e5 6. Ndb5 d6 7. Bg5 a6 8. Na3 b5 9. Nd5 Be7 10. Bxf6 Bxf6 11. c3 0-0 12. Nc2 Bg5 13. a4 bxa4 14. Rxa4 a5 15. Bc4 Rb8 16. b3 Kh8 17. Nce3 Bxe3 18. Nxe3 Ne7 19. 0-0 f5 20. exf5 Bxf5 21. Ra2 Be4 22. Rd2 Rb6 23. Re1 Qb8 24. Qa1 Qc7 25. Qa3 Rc6 26. Red1 Rd8 27. Be6 Rxc3 28. Nc4 d5 29. Qb2 Rc2 30. Rxc2 Bxc2 31. Qxc2 dxc4 32. Rxd8+ Qxd8 33. Bxc4 1-0

[Event "LSS No Engine Cup 121 Preliminary 1"]
[Site "LSS email"]
[Date "2014.11.13"]
[Round "?"]
[White "Florea, Valentin Mihail"]
[Black "Boni, Roberto"]
[Result "1-0"]
[WhiteElo "1989"]
[BlackElo "1515"]
[PlyCount "45"]
[EventDate "2014.11.14"]
[EventType "tourn (corr)"]
[EventRounds "6"]
[EventCountry "GER"]
[SourceTitle "Corr 2015"]
[Source "ChessBase"]
[SourceDate "2015.07.17"]
[SourceVersion "1"]
[SourceVersionDate "2015.07.17"]
[SourceQuality "1"]

1. e4 d5 2. exd5 Qxd5 3. Nc3 Qd6 4. d4 Nf6 5. Nf3 c6 6. Ne5 Nbd7 7. Nc4 Qc7 8. Qf3 Nb6 9. Bf4 Qd8 10. Be5 e6 11. h4 Nbd5 12. Qg3 Nxc3 13. bxc3 b5 14. Nd6+ Bxd6 15. Bxd6 g6 16. Bd3 Nd5 17. a4 Nxc3 18. h5 Rg8 19. hxg6 hxg6 20. Rh7 Qf6 21. axb5 Nxb5 22. Be5 Qe7 23. c4 1-0

[Event "LSS No Engine Cup 121 Preliminary 1"]
[Site "LSS email"]
[Date "2014.11.13"]
[Round "?"]
[White "Mostowik, Pawel"]
[Black "Florea, Valentin Mihail"]
[Result "1/2-1/2"]
[WhiteElo "1688"]
[BlackElo "1989"]
[PlyCount "50"]
[EventDate "2014.11.14"]
[EventType "tourn (corr)"]
[EventRounds "6"]
[EventCountry "GER"]
[SourceTitle "Corr 2015"]
[Source "ChessBase"]
[SourceDate "2015.07.17"]
[SourceVersion "1"]
[SourceVersionDate "2015.07.17"]
[SourceQuality "1"]

1. e4 c5 2. Nf3 d6 3. d4 cxd4 4. Nxd4 Nf6 5. Nc3 a6 6. Be2 e5 7. Nb3 Be7 8. Be3 Be6 9. 0-0 0-0 10. Qd3 Nc6 11. a3 Rc8 12. Nd5 Nd7 13. h3 Bg5 14. Bg4 Bxe3 15. Nxe3 Bxg4 16. hxg4 Qg5 17. Rad1 Nf6 18. f3 h5 19. Qd2 hxg4 20. Nxg4 Nxe4 21. Qxg5 Nxg5 22. Rxd6 Ne6 23. Rfd1 Ned4 24. Nxd4 exd4 25. Nf2 Na5 1/2-1/2

[Event "LSS No Engine Cup 121 Preliminary 1"]
[Site "LSS email"]
[Date "2014.11.13"]
[Round "?"]
[White "Wilshusen, Horst"]
[Black "Florea, Valentin Mihail"]
[Result "0-1"]
[WhiteElo "1247"]
[BlackElo "1989"]
[PlyCount "47"]
[EventDate "2014.11.14"]
[EventType "tourn (corr)"]
[EventRounds "6"]
[EventCountry "GER"]
[SourceTitle "Corr 2015"]
[Source "ChessBase"]
[SourceDate "2015.07.17"]
[SourceVersion "1"]
[SourceVersionDate "2015.07.17"]
[SourceQuality "1"]

1. g3 d5 2. Bg2 Nf6 3. Nf3 c6 4. c3 Bg4 5. d3 Nbd7 6. Nbd2 e5 7. h3 Bf5 8. g4 Be6 9. Nf1 Bc5 10. Ng3 h5 11. Ng5 hxg4 12. Nxe6 fxe6 13. Bg5 Qb6 14. e3 Qxb2 15. hxg4 Rxh1+ 16. Nxh1 Nh7 17. Bh4 g5 18. Bg3 Bxe3 19. Rb1 Qxc3+ 20. Kf1 Bb6 21. f3 0-0-0 22. Bf2 Nc5 23. Ke2 e4 24. d4 0-1

[Event "RA-2014-0-00361"]
[Site "LSS email"]
[Date "2014.11.10"]
[Round "?"]
[White "Florea, Valentin Mihail"]
[Black "Cimicki, Dariusz"]
[Result "1/2-1/2"]
[WhiteElo "1989"]
[BlackElo "2118"]
[PlyCount "55"]
[EventDate "2014.10.24"]
[EventType "tourn (corr)"]
[EventRounds "6"]
[EventCountry "GER"]
[SourceTitle "Corr 2015"]
[Source "ChessBase"]
[SourceDate "2015.07.17"]
[SourceVersion "1"]
[SourceVersionDate "2015.07.17"]
[SourceQuality "1"]

1. e4 e6 2. d4 d5 3. Nc3 Bb4 4. e5 c5 5. a3 Bxc3+ 6. bxc3 Ne7 7. Qg4 cxd4 8. Qxg7 Rg8 9. Qxh7 Qc7 10. Ne2 dxc3 11. f4 Bd7 12. Qd3 Nbc6 13. Nxc3 a6 14. Rb1 Na5 15. h4 Nf5 16. Rh3 0-0-0 17. h5 Nc4 18. Rb4 Kb8 19. Qf3 a5 20. Rb1 Bc6 21. Qd3 Qe7 22. Ne2 Qc5 23. h6 Rg6 24. h7 Rh8 25. c3 Rg7 26. Nd4 Bd7 27. Ra1 Bb5 28. Rb1 1/2-1/2

[Event "WC-2016-Q-00015"]
[Site "LSS email"]
[Date "2013.10.22"]
[Round "?"]
[White "Florea, Valentin Mihail"]
[Black "Bobykin, Kirill Mikhailovich"]
[Result "1/2-1/2"]
[WhiteElo "2071"]
[BlackElo "2291"]
[PlyCount "47"]
[EventDate "2013.10.27"]
[EventType "tourn (corr)"]
[EventRounds "10"]
[EventCountry "GER"]
[SourceTitle "Corr 2015"]
[Source "ChessBase"]
[SourceDate "2015.07.17"]
[SourceVersion "1"]
[SourceVersionDate "2015.07.17"]
[SourceQuality "1"]

1. e4 e5 2. Nf3 Nc6 3. Bb5 a6 4. Ba4 Nf6 5. 0-0 b5 6. Bb3 Bb7 7. d3 Be7 8. Nc3 d6 9. a4 Na5 10. Bd5 Nxd5 11. Nxd5 Bxd5 12. exd5 b4 13. Bd2 c5 14. dxc6 Nxc6 15. c3 bxc3 16. Bxc3 Bf6 17. d4 0-0 18. Re1 Re8 19. Qd3 g6 20. h3 Bg7 21. Re3 exd4 22. Nxd4 Ne5 23. Qc2 Rc8 24. Rae1 1/2-1/2

[Event "WC-2016-Q-00015"]
[Site "LSS email"]
[Date "2013.10.22"]
[Round "?"]
[White "Florea, Valentin Mihail"]
[Black "Kopasov, Evgeny Aleksandrovi"]
[Result "1/2-1/2"]
[WhiteElo "2071"]
[BlackElo "2101"]
[PlyCount "49"]
[EventDate "2013.10.27"]
[EventType "tourn (corr)"]
[EventRounds "10"]
[EventCountry "GER"]
[SourceTitle "Corr 2015"]
[Source "ChessBase"]
[SourceDate "2015.07.17"]
[SourceVersion "1"]
[SourceVersionDate "2015.07.17"]
[SourceQuality "1"]

1. e4 c5 2. Nf3 d6 3. d4 cxd4 4. Nxd4 Nf6 5. Nc3 a6 6. Bg5 e6 7. f4 Be7 8. Qf3 Qc7 9. 0-0-0 Nbd7 10. g4 b5 11. Bxf6 Nxf6 12. g5 Nd7 13. f5 0-0 14. Rg1 b4 15. Nce2 e5 16. f6 exd4 17. fxe7 Re8 18. Nxd4 Ne5 19. Qf4 Be6 20. Nf5 d5 21. Kb1 dxe4 22. Qxe4 Bxf5 23. Qxf5 Rxe7 24. Qe4 Ree8 25. Qxb4 1/2-1/2

[Event "RM-2013-0-00120"]
[Site "LSS email"]
[Date "2013.05.30"]
[Round "?"]
[White "Florea, Valentin Mihail"]
[Black "Szabo, Mihaly"]
[Result "1/2-1/2"]
[WhiteElo "2183"]
[BlackElo "2207"]
[PlyCount "93"]
[EventDate "2013.03.29"]
[EventType "tourn (corr)"]
[EventRounds "6"]
[EventCountry "GER"]
[SourceTitle "Telechess CBM 161"]
[Source "ChessBase"]
[SourceDate "2014.07.16"]
[SourceVersion "1"]
[SourceVersionDate "2014.07.16"]
[SourceQuality "1"]

1. e4 e6 2. d4 d5 3. Nc3 Bb4 4. e5 Ne7 5. a3 Bxc3+ 6. bxc3 c5 7. Nf3 Qa5 8. Bd2 c4 9. h4 h6 10. Be2 Bd7 11. h5 Nbc6 12. Kf1 0-0 13. g4 f6 14. exf6 Rxf6 15. g5 hxg5 16. Bxg5 Qxc3 17. Bxf6 gxf6 18. Rg1+ Kh8 19. Qc1 Nf5 20. Rg6 Be8 21. Rxf6 Ncxd4 22. Nxd4 Qxd4 23. Rxf5 exf5 24. Qh6+ Kg8 25. Re1 Bf7 26. Bf3 Rf8 27. Qg5+ Qg7 28. Qxf5 Kh8 29. h6 Qxh6 30. Re7 Bg8 31. Qe5+ Rf6 32. Rxb7 Qf4 33. Qxf4 Rxf4 34. Bd1 a5 35. Ra7 c3 36. Rxa5 Rh4 37. Be2 Bh7 38. Rxd5 Rh1+ 39. Kg2 Rc1 40. Bd3 Bxd3 41. cxd3 Rd1 42. Rc5 Rxd3 43. a4 Rd4 44. a5 Ra4 45. Kf3 c2 46. Rxc2 Rxa5 47. Rc7 1/2-1/2

[Event "RM-2013-0-00119"]
[Site "LSS email"]
[Date "2013.05.01"]
[Round "?"]
[White "Pepermans, Toon"]
[Black "Florea, Valentin Mihail"]
[Result "1/2-1/2"]
[WhiteElo "2355"]
[BlackElo "2183"]
[PlyCount "45"]
[EventDate "2013.03.09"]
[EventType "tourn (corr)"]
[EventRounds "6"]
[EventCountry "GER"]
[SourceTitle "Telechess CBM 161"]
[Source "ChessBase"]
[SourceDate "2014.07.16"]
[SourceVersion "1"]
[SourceVersionDate "2014.07.16"]
[SourceQuality "1"]

1. d4 Nf6 2. c4 e6 3. Nf3 d5 4. Nc3 Be7 5. Bf4 0-0 6. Rc1 c5 7. dxc5 Bxc5 8. e3 Nc6 9. a3 d4 10. exd4 Nxd4 11. b4 Nxf3+ 12. Qxf3 Bd4 13. Be2 a5 14. 0-0 axb4 15. axb4 e5 16. Bg5 h6 17. Bxf6 Qxf6 18. Qxf6 gxf6 19. Nb5 Rd8 20. Rfd1 Ra2 21. Kf1 Be6 22. c5 Bb3 23. Rd3 1/2-1/2

[Event "BI-2013-P-00020"]
[Site "LSS email"]
[Date "2013.04.22"]
[Round "?"]
[White "Florea, Valentin Mihail"]
[Black "Jovanovic, Bratislav"]
[Result "1/2-1/2"]
[WhiteElo "2178"]
[BlackElo "2050"]
[PlyCount "47"]
[EventDate "2013.04.25"]
[EventType "tourn (corr)"]
[EventRounds "10"]
[EventCountry "GER"]
[SourceTitle "Telechess CBM 167"]
[Source "ChessBase"]
[SourceDate "2015.07.13"]
[SourceVersion "1"]
[SourceVersionDate "2015.07.13"]
[SourceQuality "1"]

1. e4 e6 2. d4 d5 3. Nc3 Bb4 4. e5 c5 5. a3 Bxc3+ 6. bxc3 Qa5 7. Bd2 Qa4 8. Qb1 c4 9. Ne2 Nc6 10. Nf4 Nge7 11. Nh5 Rg8 12. Be2 Bd7 13. 0-0 0-0-0 14. Bg4 Rdf8 15. Re1 Qa5 16. Qc1 Qa4 17. Bf4 h6 18. Ra2 b6 19. Qe3 Ng6 20. Bg3 Nce7 21. Rb1 Qa5 22. Qf3 Rd8 23. h3 Rdf8 24. Rb4 1/2-1/2

[Event "CP-2012-P-00007"]
[Site "LSS email"]
[Date "2012.10.01"]
[Round "?"]
[White "Fels, Bernhard"]
[Black "Florea, Valentin Mihail"]
[Result "1/2-1/2"]
[WhiteElo "2041"]
[BlackElo "2183"]
[PlyCount "91"]
[EventDate "2012.10.05"]
[EventType "tourn (corr)"]
[EventRounds "6"]
[EventCountry "GER"]
[SourceTitle "Telechess CBM 161"]
[Source "ChessBase"]
[SourceDate "2014.07.16"]
[SourceVersion "1"]
[SourceVersionDate "2014.07.16"]
[SourceQuality "1"]

1. d4 Nf6 2. Bg5 c5 3. Nc3 cxd4 4. Qxd4 Nc6 5. Qh4 e6 6. 0-0-0 Be7 7. e4 Qa5 8. f4 d6 9. Qe1 h6 10. Bh4 0-0 11. Nf3 Rb8 12. a3 b5 13. e5 dxe5 14. Nxe5 Qc7 15. Nxb5 Qb6 16. Bxf6 Bxf6 17. Rd6 Bxe5 18. fxe5 Ba6 19. a4 Qc5 20. Qc3 Qxc3 21. Nxc3 Bb7 22. Ba6 Nxe5 23. Re1 Ng4 24. h3 Nf6 25. Bxb7 Rxb7 26. Red1 g5 27. b3 Kg7 28. Nb5 Ra8 29. Rd8 Rxd8 30. Rxd8 a6 31. Nd6 Rd7 32. Rxd7 Nxd7 33. b4 Kf6 34. a5 Ke7 35. Nb7 f5 36. Kd2 h5 37. c4 e5 38. b5 axb5 39. cxb5 Ke6 40. Ke2 Kd5 41. a6 Nb6 42. a7 f4 43. Nd8 e4 44. Nf7 f3+ 45. gxf3 exf3+ 46. Kf2 1/2-1/2

[Event "SM-2012-0-00207"]
[Site "LSS email"]
[Date "2012.07.15"]
[Round "?"]
[White "Buzas, Gyula"]
[Black "Florea, Valentin Mihail"]
[Result "1/2-1/2"]
[WhiteElo "2242"]
[BlackElo "2183"]
[PlyCount "56"]
[EventDate "2012.06.04"]
[EventType "tourn (corr)"]
[EventRounds "6"]
[EventCountry "GER"]
[SourceTitle "Telechess CBM 161"]
[Source "ChessBase"]
[SourceDate "2014.07.16"]
[SourceVersion "1"]
[SourceVersionDate "2014.07.16"]
[SourceQuality "1"]

1. d4 Nf6 2. c4 e6 3. Nf3 b6 4. g3 Ba6 5. b3 Bb4+ 6. Bd2 Be7 7. Nc3 0-0 8. Bg2 c6 9. e4 d5 10. exd5 cxd5 11. Ne5 Bb7 12. 0-0 Nc6 13. Bf4 Rc8 14. Rc1 Ba3 15. Rc2 a6 16. Bg5 Be7 17. Na4 Re8 18. Re1 dxc4 19. bxc4 Ba8 20. a3 h6 21. Bc1 Qc7 22. Bf4 Qd8 23. Be3 Nxe5 24. dxe5 Qxd1 25. Rxd1 Bxg2 26. Kxg2 Nd5 27. Bxb6 Nxb6 28. Nxb6 Rc6 1/2-1/2

[Event "SM-2012-0-00207"]
[Site "LSS email"]
[Date "2012.07.14"]
[Round "?"]
[White "Florea, Valentin Mihail"]
[Black "Belanoff, Stuart B"]
[Result "1-0"]
[WhiteElo "2183"]
[BlackElo "2213"]
[PlyCount "101"]
[EventDate "2012.06.04"]
[EventType "tourn (corr)"]
[EventRounds "6"]
[EventCountry "GER"]
[SourceTitle "Telechess CBM 161"]
[Source "ChessBase"]
[SourceDate "2014.07.16"]
[SourceVersion "1"]
[SourceVersionDate "2014.07.16"]
[SourceQuality "1"]

1. e4 d6 2. d4 Nf6 3. Nc3 c6 4. f4 Qa5 5. Bd3 e5 6. Nf3 exd4 7. Nxd4 g6 8. 0-0 Bg7 9. h3 0-0 10. Be3 Nbd7 11. Qf3 Qc7 12. a4 Nc5 13. a5 Re8 14. b4 Nxd3 15. cxd3 Qe7 16. Bf2 Nd7 17. Rac1 Rb8 18. Rfe1 Nf8 19. Qg3 Ra8 20. b5 Ne6 21. Nf5 gxf5 22. exf5 Kh8 23. fxe6 fxe6 24. Ne4 cxb5 25. Qh4 b4 26. Qxe7 Rxe7 27. Nxd6 Bc3 28. Re4 Bd7 29. Bh4 Rg7 30. Rxc3 bxc3 31. Bf6 b5 32. Bxc3 Kg8 33. Bxg7 Kxg7 34. Re5 b4 35. Rc5 Kg8 36. Rc7 Ba4 37. Rb7 Bc2 38. Rxb4 Bxd3 39. Rb7 Rd8 40. Nf7 Rd4 41. Ne5 Bc4 42. Rxa7 Rxf4 43. a6 Rf1+ 44. Kh2 Be2 45. Ra8+ Kg7 46. a7 Ra1 47. Nc6 Ra2 48. Nb4 Ra3 49. Kg1 Bh5 50. Nc6 Bg6 51. Rc8 1-0

[Event "SM-2012-0-00207"]
[Site "LSS email"]
[Date "2012.07.14"]
[Round "?"]
[White "Florea, Valentin Mihail"]
[Black "Simmelink, Joop Theo"]
[Result "1/2-1/2"]
[WhiteElo "2183"]
[BlackElo "2259"]
[PlyCount "66"]
[EventDate "2012.06.04"]
[EventType "tourn (corr)"]
[EventRounds "6"]
[EventCountry "GER"]
[SourceTitle "Telechess CBM 161"]
[Source "ChessBase"]
[SourceDate "2014.07.16"]
[SourceVersion "1"]
[SourceVersionDate "2014.07.16"]
[SourceQuality "1"]

1. e4 e5 2. Nf3 Nc6 3. Bb5 a6 4. Ba4 Nf6 5. 0-0 Be7 6. Re1 b5 7. Bb3 0-0 8. c3 d5 9. exd5 Nxd5 10. Nxe5 Nxe5 11. Rxe5 c6 12. d4 Bd6 13. Re1 Qh4 14. g3 Qh3 15. Qe2 Bg4 16. Qf1 Qh5 17. Nd2 f5 18. f3 Bh3 19. Qf2 Kh8 20. a4 Rfe8 21. Bxd5 cxd5 22. axb5 Rxe1+ 23. Qxe1 Re8 24. Qf2 axb5 25. Nb3 h6 26. Bd2 f4 27. Re1 Rxe1+ 28. Bxe1 Kg8 29. g4 Qe8 30. Nc5 h5 31. gxh5 Qxh5 32. Qe2 Bf5 33. h4 Kf7 1/2-1/2

[Event "SM-2012-0-00206"]
[Site "LSS email"]
[Date "2012.07.10"]
[Round "?"]
[White "Florea, Valentin Mihail"]
[Black "Liamtsau, Valery"]
[Result "1/2-1/2"]
[WhiteElo "2186"]
[BlackElo "2224"]
[PlyCount "34"]
[EventDate "2012.05.18"]
[EventType "tourn (corr)"]
[EventRounds "6"]
[EventCountry "GER"]
[SourceTitle "Corr 2015"]
[Source "ChessBase"]
[SourceDate "2015.07.17"]
[SourceVersion "1"]
[SourceVersionDate "2015.07.17"]
[SourceQuality "1"]

1. e4 e6 2. d4 d5 3. Nc3 Nf6 4. Bg5 Be7 5. e5 Nfd7 6. Bxe7 Qxe7 7. f4 0-0 8. Nf3 c5 9. dxc5 Nc6 10. Bd3 Nxc5 11. 0-0 f6 12. Qd2 Bd7 13. Ne2 fxe5 14. Nxe5 Qd6 15. Qe3 d4 16. Qg3 Rad8 17. Bc4 Ne4 1/2-1/2